Rendimiento de la maquinaria en obras de urbanización
Shranjeno v:
| Glavni avtor: | |
|---|---|
| Drugi avtorji: | |
| Format: | Knjiga |
| Izdano: |
San José, Costa Rica
1987
|
| Teme: | |
| Oznake: |
Označite
Brez oznak, prvi označite!
|
MARC
| LEADER | 00000nam a2200000Ia 4500 | ||
|---|---|---|---|
| 003 | 004455 | ||
| 005 | 20221231144345.0 | ||
| 008 | 140114s1987 cr a m 000 ||s d | ||
| 040 | |c cru CEDI | ||
| 090 | |a TFG 2056 | ||
| 100 | |a Villalobos Cordero, Luis Javier |9 13686 | ||
| 245 | |a Rendimiento de la maquinaria en obras de urbanización | ||
| 260 | |c 1987 |a San José, Costa Rica | ||
| 300 | |a ii, [176] hojas : ilustraciones ; 28 cm | ||
| 500 | |a Tesis (licenciatura en ingeniería civil)--Universidad de Costa Rica. Facultad de Ingeniería. Escuela de Ingeniería Civil | ||
| 650 | |x MAQUINAS DE CONSTRUCCION |9 13688 | ||
| 700 | |9 13687 |a Salas Sánchez, Sergio | ||
| 942 | |c TFG | ||
| 999 | |c 20677 |d 20677 | ||
